Normal view MARC view
  • Geofutures

Entry Corporate Name

Number of records used in: 1

001 - CONTROL NUMBER

  • control field: 4482

003 - CONTROL NUMBER IDENTIFIER

  • control field: SIRSI

005 - DATE AND TIME OF LATEST TRANSACTION

  • control field: 20190806150233.0

008 - FIXED-LENGTH DATA ELEMENTS

  • fixed length control field: 030701n| aaannaabn |n ana d

040 ## - CATALOGING SOURCE

  • Original cataloging agency: OSt
  • Transcribing agency: OSt

110 ## - HEADING--CORPORATE NAME

  • Corporate name or jurisdiction name as entry element: Geofutures

670 ## - SOURCE DATA FOUND

  • Source citation: Comprehensive project appraisal (CPA) and geographic information systems (GIS), 2002